000 00825cam a22002897a 4500
003 CHAP
005 20220329140515.0
008 971013s1912 r 00010 d
010 _a53012
011 _a53984
035 _a58134
040 _cCHAP
082 _a552.5
_bS43
100 0 0 _aSearle, Alfred B.
_9103455
245 1 4 _aThe natural history of clay
260 _aCambridge :
_bUniversity Press,
_c1912
300 _a176 p.
_b: ilus.
590 _aBATCH-UPD
_b10
_c20130110
_lUCH01
_h0941
590 _aBATCH-UPD
_b10
_c20130410
_lUCH01
_h0557
590 _aBATCH-UPD
_b10
_c20130914
_lUCH01
_h1911
590 _aCONVERSION
_b10
_c20130109
_lUCH01
_h1329
650 1 4 _aArcilla.
_96822
650 1 4 _aPetrologĂ­a.
_987654
901 _aBK
942 _cLIBRO
949 _a552.5 S43
_bBC
_cBPP
_d-126236
_eBPP
_h7892
_i58134
_si
999 _c53012
_d53012